[Event "Alcorcon Diagonal op 2nd"]
[Site "Alcorcon"]
[Date "2023.12.27"]
[Round "3"]
[White "Deusa Ballesteros, Lucas"]
[Black "Bustos Bernardo, Samuel"]
[Result "1/2-1/2"]
[WhiteElo "1919"]
[BlackElo "2176"]
[PlyCount "92"]
[EventDate "2023.12.26"]
[EventType "swiss"]
[EventRounds "9"]
[EventCountry "ESP"]
[SourceTitle "CB01_2024"]
[SourceDate "2024.01.03"]
[SourceVersion "1"]
[SourceVersionDate "2024.01.03"]
[SourceQuality "1"]

1. Nf3 c5 2. g3 Nc6 3. Bg2 e5 4. c4 g6 5. Nc3 Bg7 6. d3 Nge7 7. 0-0 d6 8. a3 0-0 9. Rb1 a5 10. Nd5 Rb8 11. Ne1 b5 12. Nc2 Nxd5 13. cxd5 Nd4 14. Nxd4 exd4 15. b3 Bd7 16. e3 dxe3 17. fxe3 a4 18. Bb2 Qg5 19. Qc1 Bxb2 20. Rxb2 b4 21. bxa4 bxa3 22. Rxb8 Rxb8 23. Qxa3 Qxe3+ 24. Kh1 Qd2 25. d4 Qxd4 26. a5 Qb4 27. Qf3 f5 28. Ra1 Ba4 29. a6 Bc2 30. a7 Ra8 31. Qe2 Be4 32. Qa2 Bxg2+ 33. Kxg2 Qb7 34. Kh1 c4 35. Qxc4 Rxa7 36. Rxa7 Qxa7 37. Qc8+ Kg7 38. Qc3+ Kh6 39. Qf6 Qc7 40. Kg2 Qc2+ 41. Kh3 Qe2 42. Qxd6 Qf1+ 43. Kh4 Qc4+ 44. Kh3 Qf1+ 45. Kh4 Qc4+ 46. Kh3 Qf1+ 1/2-1/2

[Event "Alcorcon Diagonal op 2nd"]
[Site "Alcorcon"]
[Date "2023.12.26"]
[Round "2"]
[White "Gonzalez Chapado, Dario"]
[Black "Deusa Ballesteros, Lucas"]
[Result "0-1"]
[WhiteElo "1589"]
[BlackElo "1919"]
[PlyCount "80"]
[EventDate "2023.12.26"]
[EventType "swiss"]
[EventRounds "9"]
[EventCountry "ESP"]
[SourceTitle "CB01_2024"]
[SourceDate "2024.01.03"]
[SourceVersion "1"]
[SourceVersionDate "2024.01.03"]
[SourceQuality "1"]

1. d4 d5 2. Nc3 Nf6 3. Bf4 e6 4. Nb5 Na6 5. e3 Be7 6. Nf3 0-0 7. h3 c6 8. Nc3 c5 9. Bxa6 bxa6 10. 0-0 a5 11. Ne5 Bb7 12. Re1 Rc8 13. a3 Ba6 14. Qd2 Qb6 15. dxc5 Qxc5 16. Qd4 Qb6 17. Bg5 Rfe8 18. Reb1 Qc7 19. Rd1 Bc5 20. Qf4 Nh5 21. Qh2 Bd6 22. f4 f6 23. g4 fxg5 24. gxh5 gxf4 25. exf4 Qb6+ 26. Kh1 Qxb2 27. Na4 Qb5 28. Qg3 Bxe5 29. fxe5 Qxa4 30. Rg1 Qd7 31. h6 g6 32. Qh4 Qf7 33. Ra2 Rf8 34. c3 Rxc3 35. Rag2 Rc4 36. Qh5 Kh8 37. Qg5 Rf4 38. h4 Rf5 39. Qg3 d4 40. a4 Bb7 0-1

[Event "ESP-ch U14 rapid"]
[Site "Salobrena"]
[Date "2023.07.22"]
[Round "3"]
[White "Deusa Ballesteros, Lucas"]
[Black "Corchon Granero, Mateo"]
[Result "0-1"]
[WhiteElo "1881"]
[BlackElo "1646"]
[PlyCount "86"]
[EventDate "2023.07.22"]
[EventType "swiss (rapid)"]
[EventRounds "9"]
[EventCountry "ESP"]
[SourceTitle "EXT 2024"]
[Source "ChessBase"]
[SourceDate "2023.10.10"]
[SourceVersion "1"]
[SourceVersionDate "2023.10.10"]
[SourceQuality "1"]

1. c4 e5 2. Nc3 g6 3. Nf3 Bg7 4. d4 exd4 5. Nxd4 Nf6 6. e4 d6 7. Be2 Nc6 8. Nxc6 bxc6 9. 0-0 0-0 10. Qc2 Re8 11. f3 a5 12. Bg5 h6 13. Bh4 Bb7 14. Rad1 Qe7 15. Rfe1 g5 16. Bf2 Nd7 17. Bf1 Ne5 18. Ne2 c5 19. Ng3 Nc6 20. Nf5 Qf6 21. b3 Bf8 22. h4 Bc8 23. hxg5 hxg5 24. Ne3 Be6 25. Nd5 Bxd5 26. exd5 Ne5 27. Re4 Bg7 28. Rde1 Kf8 29. Qd2 a4 30. Be3 Bh6 31. f4 gxf4 32. Bxf4 Bxf4 33. Rxf4 Qg6 34. Qf2 axb3 35. axb3 Ng4 36. Rxe8+ Rxe8 37. Qh4 Ne3 38. Rf6 Qg7 39. Qf4 Nxf1 40. Kxf1 Re7 41. Qf5 Qh8 42. Qc8+ Re8 43. Qh3 Qxf6+ 0-1

[Event "ESP-ch U14 Rapid"]
[Site "Salobrena"]
[Date "2022.07.24"]
[Round "5"]
[White "Deusa Ballesteros, Lucas"]
[Black "Martin Cabeza, Nicolas"]
[Result "1/2-1/2"]
[WhiteElo "1832"]
[BlackElo "1609"]
[PlyCount "101"]
[EventDate "2022.07.23"]
[EventType "swiss (rapid)"]
[EventRounds "9"]
[EventCountry "ESP"]
[SourceTitle "EXT 2023"]
[Source "ChessBase"]
[SourceDate "2022.10.05"]
[SourceVersion "1"]
[SourceVersionDate "2022.10.05"]
[SourceQuality "1"]

1. Nf3 g6 2. g3 Bg7 3. Bg2 Nf6 4. c4 d6 5. Nc3 0-0 6. 0-0 Nbd7 7. d4 e5 8. dxe5 dxe5 9. Bg5 c6 10. Ne4 Qc7 11. Qd6 Qxd6 12. Nxd6 h6 13. Bxf6 Bxf6 14. Nxc8 Raxc8 15. Rad1 Nb6 16. b3 Rcd8 17. Nd2 Bg7 18. Ne4 Nc8 19. e3 f5 20. Nc5 b6 21. Ne6 Rxd1 22. Rxd1 Re8 23. Nxg7 Kxg7 24. Bxc6 Re7 25. Rd8 Rc7 26. Rd7+ Rxd7 27. Bxd7 Nd6 28. Bc6 e4 29. Bd5 Kf6 30. Kf1 Kg5 31. h3 Kf6 32. Ke2 Ke5 33. Kd2 Nc8 34. Kc3 Ne7 35. Kb4 Kd6 36. Kb5 Kc7 37. a4 Nc8 38. c5 bxc5 39. Kxc5 Ne7 40. b4 g5 41. b5 Ng6 42. a5 Ne5 43. b6+ axb6+ 44. axb6+ Kb8 45. Kd6 Nd3 46. Ke6 f4 47. gxf4 gxf4 48. Bxe4 Nxf2 49. exf4 Nxe4 50. Kf5 Nd6+ 51. Kg6 1/2-1/2

[Event "ESP-ch U14 Rapid"]
[Site "Salobrena"]
[Date "2022.07.24"]
[Round "6"]
[White "Lorente Melcon, Maximo"]
[Black "Deusa Ballesteros, Lucas"]
[Result "1-0"]
[WhiteElo "1604"]
[BlackElo "1832"]
[PlyCount "57"]
[EventDate "2022.07.23"]
[EventType "swiss (rapid)"]
[EventRounds "9"]
[EventCountry "ESP"]
[SourceTitle "EXT 2023"]
[Source "ChessBase"]
[SourceDate "2022.10.05"]
[SourceVersion "1"]
[SourceVersionDate "2022.10.05"]
[SourceQuality "1"]

1. e4 e6 2. d4 d5 3. e5 c5 4. c3 Nc6 5. Nf3 Nge7 6. a3 cxd4 7. cxd4 Nf5 8. b4 a6 9. Be3 Bd7 10. Bd3 Be7 11. Nc3 Nxe3 12. fxe3 0-0 13. 0-0 f6 14. Nh4 f5 15. Nf3 h6 16. Rc1 Rc8 17. Na4 a5 18. b5 Na7 19. Qb3 Qe8 20. Rxc8 Qxc8 21. Qb2 Qe8 22. Rb1 g5 23. b6 Bxa4 24. bxa7 Bc6 25. Bb5 Qa8 26. Bxc6 bxc6 27. Qb7 Bxa3 28. Qxa8 Rxa8 29. Rb8+ 1-0

[Event "ESP-ch U14"]
[Site "Salobrena"]
[Date "2022.07.22"]
[Round "8"]
[White "Deusa Ballesteros, Lucas"]
[Black "Carrasco Gomez, Adahara"]
[Result "0-1"]
[WhiteElo "1832"]
[BlackElo "1522"]
[PlyCount "178"]
[EventDate "2022.07.18"]
[EventType "swiss"]
[EventRounds "9"]
[EventCountry "ESP"]
[SourceTitle "EXT 2023"]
[Source "ChessBase"]
[SourceDate "2022.10.05"]
[SourceVersion "1"]
[SourceVersionDate "2022.10.05"]
[SourceQuality "1"]

1. c4 Nf6 2. Nc3 g6 3. g3 Bg7 4. Bg2 0-0 5. e4 c5 6. Nge2 Nc6 7. d3 Ne8 8. 0-0 Nc7 9. f4 Ne6 10. f5 Ned4 11. Nxd4 Nxd4 12. Nd5 h6 13. h4 d6 14. fxg6 fxg6 15. Bd2 Bd7 16. Nf4 Kh7 17. Bc3 Qc8 18. Qd2 Bg4 19. Nd5 Qd7 20. Bxd4 Bxd4+ 21. Kh2 Rae8 22. Rae1 Be5 23. Nf4 Qc8 24. b3 Qd7 25. a3 b5 26. Nd5 bxc4 27. bxc4 Rb8 28. Rxf8 Rxf8 29. Rf1 Rxf1 30. Bxf1 Bf3 31. Ne3 Qe6 32. Qf2 Qf6 33. Kg1 Bd4 34. Be2 Bxe3 35. Qxe3 Qa1+ 36. Kf2 Bxe2 37. Qxe2 Qxa3 38. h5 g5 39. Qg4 Qb2+ 40. Kg1 Qe5 41. Kg2 e6 42. Qe2 Qc3 43. Qg4 Qb2+ 44. Kh3 Qf6 45. Qe2 a5 46. Qd1 Qe7 47. Qa4 Qc7 48. Qe8 Qg7 49. Qa4 g4+ 50. Kg2 Qb2+ 51. Kf1 Qc1+ 52. Kg2 Qd2+ 53. Kg1 Qe3+ 54. Kg2 Qf3+ 55. Kh2 Qf2+ 56. Kh1 Qf1+ 57. Kh2 Qh3+ 58. Kg1 Qxg3+ 59. Kh1 Qf3+ 60. Kg1 Qe3+ 61. Kg2 Qe2+ 62. Kg1 Qe3+ 63. Kg2 Qh3+ 64. Kg1 Qg3+ 65. Kh1 Qf3+ 66. Kg1 Qg3+ 67. Kh1 Qh4+ 68. Kg1 Qxh5 69. Qd7+ Kh8 70. Qc8+ Kg7 71. Qxe6 g3 72. Qd7+ Kg8 73. Qd8+ Kg7 74. Qd7+ Qf7 75. Qg4+ Qg6 76. Qd7+ Kf8 77. Qd8+ Kg7 78. Qd7+ Kf8 79. Qd8+ Kf7 80. Qd7+ Kf8 81. Qd8+ Kg7 82. Qd7+ Qf7 83. Qg4+ Kh7 84. Qxg3 Qg6 85. Qxg6+ Kxg6 86. d4 Kf6 87. e5+ Ke6 88. exd6 Kxd6 89. d5 a4 0-1

[Event "ESP-ch U12"]
[Site "Salobrena"]
[Date "2021.07.09"]
[Round "8"]
[White "Marin Ripoll, Marti"]
[Black "Deusa Ballesteros, Lucas"]
[Result "0-1"]
[WhiteElo "1424"]
[BlackElo "1658"]
[PlyCount "90"]
[EventDate "2021.07.05"]
[EventType "swiss"]
[EventRounds "9"]
[EventCountry "ESP"]
[SourceTitle "EXT 2022"]
[Source "ChessBase"]
[SourceDate "2021.10.06"]
[SourceVersion "1"]
[SourceVersionDate "2021.10.06"]
[SourceQuality "1"]

1. d4 Nf6 2. Nd2 d5 3. e3 Bf5 4. Bd3 Bg6 5. f4 e6 6. Ngf3 c5 7. Ne5 cxd4 8. exd4 Nc6 9. Ndf3 Bd6 10. 0-0 0-0 11. c3 Rc8 12. Nxg6 hxg6 13. Ne5 Qb6 14. Qe2 Ne7 15. Rf2 Rfd8 16. g4 Nh7 17. Be3 f5 18. h3 Nf6 19. Raf1 Ne4 20. Rg2 Bxe5 21. fxe5 Qc7 22. Bxe4 fxe4 23. Rgf2 Rf8 24. Bg5 Nc6 25. b4 Qd7 26. Bd2 Qe7 27. g5 Rxf2 28. Rxf2 Rf8 29. Rh2 Qf7 30. Be3 Qf3 31. a4 Qxe2 32. Rxe2 Rf3 33. Kg2 Ne7 34. Bd2 Rd3 35. Be1 Nf5 36. b5 b6 37. Ra2 Rd1 38. Kf2 Rb1 39. h4 Nxh4 40. Ke2 Nf3 41. Bg3 Nxg5 42. Kf2 Nf3 43. Re2 Rc1 44. Ra2 Rxc3 45. a5 Nxd4 0-1

[Event "ESP-ch U12"]
[Site "Salobrena"]
[Date "2021.07.08"]
[Round "6"]
[White "Burgui Bueno, Juan"]
[Black "Deusa Ballesteros, Lucas"]
[Result "0-1"]
[WhiteElo "1264"]
[BlackElo "1658"]
[PlyCount "70"]
[EventDate "2021.07.05"]
[EventType "swiss"]
[EventRounds "9"]
[EventCountry "ESP"]
[SourceTitle "EXT 2022"]
[Source "ChessBase"]
[SourceDate "2021.10.06"]
[SourceVersion "1"]
[SourceVersionDate "2021.10.06"]
[SourceQuality "1"]

1. c4 e5 2. Nc3 Nc6 3. g3 f5 4. d3 Bc5 5. Bg2 d6 6. e4 Nf6 7. Nge2 h6 8. 0-0 0-0 9. Kh1 Ng4 10. Kg1 Qe8 11. Nd5 Qf7 12. h3 Nxf2 13. Rxf2 fxe4 14. Kh2 Bxf2 15. dxe4 Be6 16. Be3 Bxe3 17. Nxe3 Bxc4 18. Nxc4 Qxc4 19. Qd5+ Qxd5 20. exd5 Ne7 21. Kg1 c6 22. dxc6 bxc6 23. Rc1 Rac8 24. Nc3 d5 25. Na4 e4 26. Nc5 Nf5 27. Ne6 Rf6 28. Nf4 Re8 29. Kf2 e3+ 30. Ke2 Nxg3+ 31. Kf3 g5 32. Kxg3 gxf4+ 33. Kf3 e2 34. Re1 Rg6 35. Kf2 d4 0-1

[Event "ESP-ch U12"]
[Site "Salobrena"]
[Date "2021.07.06"]
[Round "3"]
[White "Deusa Ballesteros, Lucas"]
[Black "Ortega Herrera, Paris Francisco"]
[Result "1/2-1/2"]
[WhiteElo "1658"]
[BlackElo "1339"]
[PlyCount "87"]
[EventDate "2021.07.05"]
[EventType "swiss"]
[EventRounds "9"]
[EventCountry "ESP"]
[SourceTitle "EXT 2022"]
[Source "ChessBase"]
[SourceDate "2021.10.06"]
[SourceVersion "1"]
[SourceVersionDate "2021.10.06"]
[SourceQuality "1"]

1. c4 e5 2. Nc3 Nf6 3. g3 Bc5 4. Bg2 Nc6 5. d3 d6 6. h3 Be6 7. e4 Nd4 8. Nge2 0-0 9. 0-0 Qd7 10. Kh2 h6 11. f4 Nxe2 12. Qxe2 Qe7 13. f5 Bd7 14. g4 Nh7 15. Nd5 Qd8 16. f6 c6 17. Ne7+ Kh8 18. fxg7+ Kxg7 19. Nf5+ Bxf5 20. Rxf5 f6 21. h4 Rh8 22. Bd2 Nf8 23. Raf1 Ne6 24. Qd1 Qe7 25. Qc1 Rh7 26. Rxf6 Nf4 27. Bxf4 Qxf6 28. g5 hxg5 29. Bxg5 Qg6 30. Rf6 Qe8 31. Bh3 Qh8 32. Qf1 Rxh4 33. Bxh4 Qxh4 34. Rf7+ Kg8 35. Rxb7 Qh6 36. Re7 Rf8 37. Re6 Qd2+ 38. Qg2+ Qxg2+ 39. Kxg2 Rf2+ 40. Kh1 Rxb2 41. Rg6+ Kf7 42. Rg2 Rb1+ 43. Kh2 Rd1 44. Bd7 1/2-1/2